[Event "Steinfurt Bezirksklasse 1819"]
[Site "Germany"]
[Date "2018.11.10"]
[Round "2.2"]
[White "Strotmann, Horst"]
[Black "Sperling, Rainer"]
[Result "1-0"]
[WhiteElo "1451"]
[BlackElo "1504"]
[PlyCount "65"]
[EventDate "2018.09.29"]
[EventType "team-tourn"]
[EventRounds "7"]
[EventCountry "GER"]
[SourceTitle "EXT 2020"]
[Source "ChessBase"]
[SourceDate "2019.10.17"]
[SourceVersion "1"]
[SourceVersionDate "2019.10.17"]
[SourceQuality "1"]
[WhiteTeam "Rheine Klein Berlin III"]
[BlackTeam "Reckenfeld II"]
[WhiteTeamCountry "GER"]
[BlackTeamCountry "GER"]

1. d4 d5 2. c4 dxc4 3. Nf3 Nf6 4. Nc3 e6 5. e3 Bb4 6. Qc2 b5 7. Bd2 a6 8. a4 c6 9. axb5 Bxc3 10. Bxc3 cxb5 11. b3 cxb3 12. Qxb3 Bd7 13. Ne5 0-0 14. Bd3 Nc6 15. 0-0 Nxe5 16. dxe5 Nd5 17. Ba5 Qb8 18. f4 Nxe3 19. Bxh7+ Kxh7 20. Qxe3 Rc8 21. Qd3+ Kg8 22. Qxd7 Ra7 23. Qd6 Qb7 24. Rac1 Rxc1 25. Rxc1 Ra8 26. Qc7 Qe4 27. Rf1 b4 28. Qb6 Rc8 29. Bxb4 Rc2 30. Qd8+ Kh7 31. Bd2 a5 32. Rf3 Qe2 33. Rh3+ 1-0

[Event "Steinfurt Bezirksliga 1617"]
[Site "Germany"]
[Date "2016.10.22"]
[Round "2.6"]
[White "Sperling, Rainer"]
[Black "Loeckener, Thomas"]
[Result "1/2-1/2"]
[WhiteElo "1437"]
[BlackElo "1655"]
[PlyCount "95"]
[EventDate "2016.09.24"]
[EventType "team"]
[EventRounds "9"]
[EventCountry "GER"]
[SourceTitle "EXT 2018"]
[Source "ChessBase"]
[SourceDate "2017.10.13"]
[SourceVersion "1"]
[SourceVersionDate "2017.10.13"]
[SourceQuality "1"]
[WhiteTeam "Reckenfeld"]
[BlackTeam "Saerbeck II"]
[WhiteTeamCountry "GER"]
[BlackTeamCountry "GER"]

1. e4 d6 2. Nf3 Nf6 3. Nc3 g6 4. Bc4 Bg7 5. d3 0-0 6. h3 c6 7. a3 d5 8. exd5 cxd5 9. Ba2 e6 10. 0-0 Nc6 11. d4 Qb6 12. Ne2 Ne4 13. c3 Rd8 14. Qb3 Qa6 15. Qc2 b6 16. Bf4 Bd7 17. Ng3 Nxg3 18. Bxg3 Rac8 19. Qd2 Be8 20. Bb1 Na5 21. Bd3 Qb7 22. Rab1 Ba4 23. Bc2 Nc4 24. Qd1 Bb5 25. Re1 Bh6 26. Bh4 Rd7 27. Bg5 Bg7 28. Ba4 Qc6 29. Bxb5 Qxb5 30. Qc2 Rdc7 31. Bf4 Rb7 32. Ne5 Na5 33. Ng4 Bxd4 34. Qd1 Bg7 35. Be5 Nb3 36. Bxg7 Kxg7 37. Re3 h5 38. Ne5 Rbc7 39. Rg3 d4 40. Qxh5 Rh8 41. Rxg6+ fxg6 42. Qxg6+ Kf8 43. Qf6+ Kg8 44. Qxe6+ Kf8 45. Qf6+ Kg8 46. Qe6+ Kf8 47. Qf6+ Kg8 48. Qe6+ 1/2-1/2

[Event "Steinfurt Bezirksklasse 1011"]
[Site "Germany"]
[Date "2011.05.14"]
[Round "9.8"]
[White "Sperling, Rainer"]
[Black "Weischer, Linus"]
[Result "1-0"]
[WhiteElo "1470"]
[BlackElo "867"]
[PlyCount "102"]
[EventDate "2010.09.25"]
[EventType "team-tourn"]
[EventRounds "9"]
[EventCountry "GER"]
[SourceTitle "EXT 2012"]
[Source "ChessBase"]
[SourceDate "2011.11.24"]
[SourceVersion "1"]
[SourceVersionDate "2011.11.24"]
[SourceQuality "1"]
[WhiteTeam "Reckenfeld II"]
[BlackTeam "Nordwalde II"]
[WhiteTeamCountry "GER"]
[BlackTeamCountry "GER"]

1. e4 e5 2. Nf3 Nc6 3. Bc4 Bc5 4. d3 Nf6 5. Bg5 h6 6. Bxf6 Qxf6 7. Nc3 d6 8. Nd5 Qd8 9. h3 Be6 10. 0-0 0-0 11. a3 Kh8 12. b4 Bb6 13. Nxb6 axb6 14. Bxe6 fxe6 15. Nh2 d5 16. c3 Qf6 17. Ng4 Qe7 18. Qe2 d4 19. c4 Qd6 20. Qd2 Ne7 21. Qb2 Ng6 22. g3 c6 23. Rfe1 Qd7 24. h4 h5 25. Nh2 Ne7 26. Kg2 Rac8 27. Nf3 Qc7 28. Qd2 g6 29. Qg5 Kg7 30. Nxe5 Rf6 31. Ra2 Rcf8 32. Rf1 c5 33. b5 Qd6 34. a4 Ra8 35. g4 hxg4 36. Nxg4 Rff8 37. e5 Qd8 38. Qh6+ Kf7 39. Qh7+ Ke8 40. Nf6+ Rxf6 41. exf6 Kd7 42. fxe7 Qe8 43. Re1 Qb8 44. Qf7 Qe8 45. Qxe6+ Kc7 46. Qf6 Rc8 47. Qf8 Qxf8 48. exf8Q Rxf8 49. Rae2 Kb8 50. Re8+ Rxe8 51. Rxe8+ Kc7 1-0

[Event "Steinfurt Bezirksklasse 0809"]
[Site "Germany"]
[Date "2009.03.07"]
[Round "5.2"]
[White "Sperling, Rainer"]
[Black "Jarvers, Hermann"]
[Result "1/2-1/2"]
[WhiteElo "1518"]
[BlackElo "1470"]
[PlyCount "46"]
[EventDate "2008.09.13"]
[EventType "team-tourn"]
[EventRounds "7"]
[EventCountry "GER"]
[SourceTitle "EXT 2010"]
[Source "ChessBase"]
[SourceDate "2010.11.25"]
[SourceVersion "1"]
[SourceVersionDate "2010.11.25"]
[SourceQuality "1"]
[WhiteTeam "Reckenfeld II"]
[BlackTeam "Rheine SG"]
[WhiteTeamCountry "GER"]
[BlackTeamCountry "GER"]

1. e4 e5 2. Nf3 Nc6 3. Bc4 h6 4. Nc3 d6 5. h3 Nf6 6. d3 Na5 7. Bb3 Nxb3 8. axb3 Be7 9. 0-0 0-0 10. Bd2 Be6 11. Ne2 Nh7 12. Ng3 f5 13. exf5 Bxf5 14. Nh2 Bg5 15. f4 exf4 16. Bxf4 Bd7 17. Bxg5 Nxg5 18. Nf3 Bc6 19. Nd4 Bd7 20. Rxf8+ Qxf8 21. Qf1 a6 22. Qxf8+ Rxf8 23. Re1 Re8 1/2-1/2

[Event "Steinfurt Bezirksklasse 0708"]
[Site "Germany"]
[Date "2007.12.08"]
[Round "3.8"]
[White "Sperling, Rainer"]
[Black "Reimann, Tanja"]
[Result "1-0"]
[WhiteElo "1510"]
[BlackElo "1285"]
[PlyCount "73"]
[EventDate "2007.10.13"]
[EventType "team-tourn"]
[EventRounds "7"]
[EventCountry "GER"]
[SourceTitle "EXT 2009"]
[Source "ChessBase"]
[SourceDate "2008.11.26"]
[SourceVersion "1"]
[SourceVersionDate "2008.11.26"]
[SourceQuality "1"]
[WhiteTeam "Reckenfeld II"]
[BlackTeam "Emsdetten Turm III"]
[WhiteTeamCountry "GER"]
[BlackTeamCountry "GER"]

1. e4 e6 2. Nf3 d5 3. exd5 exd5 4. d4 c5 5. c3 cxd4 6. Nxd4 Nc6 7. Bb5 Nge7 8. 0-0 a6 9. Bxc6+ bxc6 10. Re1 Bb7 11. Bg5 Qd7 12. Nd2 c5 13. N4f3 f6 14. Be3 Rc8 15. Nb3 Qd6 16. Nh4 g6 17. Nf3 Kf7 18. Qd2 d4 19. Bf4 Qd7 20. cxd4 Bxf3 21. gxf3 Qh3 22. dxc5 Rg8 23. Bd6 Rd8 24. Qe2 Nf5 25. Qe6+ Kg7 26. Bg3 h5 27. Rad1 Be7 28. c6 Rde8 29. Rd7 h4 30. Bd6 Kh6 31. Bxe7 g5 32. Nd4 g4 33. Qxf6+ Kh5 34. Qxf5+ Kh6 35. Rd6+ Kg7 36. Qg6+ Kh8 37. Qh6# 1-0

[Event "Steinfurt Bezirksklasse 0506"]
[Site "Germany"]
[Date "2005.11.12"]
[Round "3.2"]
[White "Nordholt, Uwe"]
[Black "Sperling, Rainer"]
[Result "1-0"]
[WhiteElo "1825"]
[BlackElo "1557"]
[PlyCount "91"]
[EventDate "2005.09.10"]
[EventType "team-tourn"]
[EventRounds "7"]
[EventCountry "GER"]
[SourceTitle "EXT 2006"]
[Source "ChessBase"]
[SourceDate "2005.11.24"]
[SourceVersion "1"]
[SourceVersionDate "2005.11.24"]
[SourceQuality "1"]
[WhiteTeam "Rheine SG"]
[BlackTeam "Reckenfeld II"]
[WhiteTeamCountry "GER"]
[BlackTeamCountry "GER"]

1. d4 d5 2. c4 dxc4 3. e4 e6 4. Bxc4 Nf6 5. Nc3 Bb4 6. Bg5 Be7 7. Nf3 h6 8. Bxf6 Bxf6 9. e5 Be7 10. 0-0 a6 11. Qe2 b5 12. Bb3 Bb7 13. Rad1 c6 14. Ne4 Nd7 15. Bc2 Nb6 16. Nc5 Bxc5 17. dxc5 Nd5 18. Bb3 Qe7 19. Bxd5 cxd5 20. b4 0-0 21. Nd4 Rac8 22. f4 f5 23. Rc1 Qd7 24. Qh5 Bc6 25. Rf3 Qe8 26. Qh4 Rf7 27. Rg3 Kh7 28. Rcc3 Re7 29. Ra3 Ra7 30. Rgf3 Qf7 31. g4 Qg6 32. g5 h5 33. Rh3 Be8 34. Rhc3 Qf7 35. c6 g6 36. Rc5 Qe7 37. Qf2 Kg7 38. Rac3 Rac7 39. Qb2 Kf7 40. Qa3 Ra7 41. Qa5 Qc7 42. Ra3 Qxa5 43. Rxa5 Rcc7 44. a4 bxa4 45. Rxa4 Ke7 46. b5 1-0

[Event "Steinfurt Bezirksklasse 0304"]
[Site "Germany"]
[Date "2004.05.29"]
[Round "11.1"]
[White "Langer, Ralf"]
[Black "Sperling, Rainer"]
[Result "1/2-1/2"]
[WhiteElo "1697"]
[BlackElo "1565"]
[PlyCount "46"]
[EventDate "2003.09.27"]
[EventType "team-tourn"]
[EventRounds "11"]
[EventCountry "GER"]
[SourceTitle "EXT 2005"]
[Source "ChessBase"]
[SourceDate "2004.11.15"]
[SourceVersion "1"]
[SourceVersionDate "2004.11.15"]
[SourceQuality "1"]
[WhiteTeam "Westerkappeln II"]
[BlackTeam "Reckenfeld II"]
[WhiteTeamCountry "GER"]
[BlackTeamCountry "GER"]

1. d4 d5 2. Nf3 Nc6 3. c4 dxc4 4. d5 Nb8 5. e4 Nf6 6. Nc3 e6 7. Bxc4 exd5 8. exd5 Bd6 9. 0-0 0-0 10. Re1 Bg4 11. Qd3 Nbd7 12. Bg5 Bxf3 13. Qxf3 Ne5 14. Qe2 h6 15. Bh4 Ng6 16. Bxf6 Qxf6 17. Ne4 Qe5 18. Nxd6 Qxd6 19. g3 a6 20. Rac1 Qd7 21. Bb3 Rfe8 22. Qc4 Ne5 23. Qe4 Ng6 1/2-1/2